000 00279nam a2200109Ia 4500
008 200302s9999 xx 000 0 und d
100 _aWilliam A. Singleton
245 _aStudies in Architectural History Vol 1I
260 _bShubhi Publication
260 _c2014
300 _a143 P.,
999 _c3881
_d3881